000 00629nam a22001817a 4500
008 151208b xxu||||| |||| 00| 0 eng d
020 _a9780323080019
050 _aSPE RT 98 .C6562 2012
100 _aStanhope, Marcia.
_d2012.
245 _aPublic Health Nursing
_bPopulation-Centered Health Care in the Community
_cMarcia, Stanhope.
250 _a8th ed.
260 _aUSA,
_bElsevier,
_c2012.
300 _axxxi, 1089p. :ill.
_bincludes index,
650 _aCommunity Health Nursing
650 _aPublic Healthy Nursing
700 _aLancster, Jeanette.
942 _2lcc
_cBOOKS
_hSPE RT 98 .C6562 2012
999 _c10612
_d10612